Účtovné zobrazenie pohľadávok a záväzkov v podnikateľskom subjekte bakalárska práca

Enregistré dans:
Détails bibliographiques
Auteur principal: Vankúšová, Veronika
Collectivité auteur: Fakulta hospodárskej informatiky EU. Katedra účtovníctva a audítorstva
Autres auteurs: Lovciová, Kornélia, 1983-
Format: Livre
Langue:slovaque
Publié: Bratislava 2018
Tags: Ajouter un tag
Pas de tags, Soyez le premier à ajouter un tag!

MARC

LEADER 00000nbm a2200000 4500
001 0245369
005 20181106084725.3
041 0 |a slo 
044 |a SK 
245 1 0 |a Účtovné zobrazenie pohľadávok a záväzkov v podnikateľskom subjekte  |b bakalárska práca  |c Veronika Vankúšová ; školiteľ: Kornélia Lovciová 
264 1 |a Bratislava  |c 2018 
300 |a 51 s. 
100 1 |a Vankúšová, Veronika 
700 1 |a Lovciová, Kornélia, 1983- 
710 2 |a Fakulta hospodárskej informatiky EU. Katedra účtovníctva a audítorstva